000 00783nam a2200229 a 4500
001 39810
003 BD-RjUL
005 20211209053049.0
008 160418s2004 ii ||||| |||| 00| 0 ben d
020 _a8185471886
_c: TK. 200
035 _a(BD-RjUL)39923
040 _aBD-RjUL
_bben
_cBD-RjUL
041 _aben
082 _223
_a891.443
_bCHC 2004
100 _aচঞবতী, সুমিতা
_9122629
245 _aছোটগল্পের বিষয়-আশয় /
_c সুমিতা চঞবতী
260 _aকলকাতা :
_bপুস্তক বিপনী,
_c২০০৪
300 _a৩৮০ পৃ.
_c২১ সেমি.
650 _aBengali fiction
_9122630
650 _aবাংলা উপন্যাস
_9120183
942 _2ddc
_cBK
999 _c39810
_d39810